Nice racism (Record no. 5302)

MARC details
000 -CABECERA
campo de control de longitud fija 02931cam a2200337 i 4500
001 - NÚMERO DE CONTROL
campo de control 9819926
003 - IDENTIFICADOR DEL NÚMERO DE CONTROL
campo de control CaAEU
005 - FECHA Y HORA DE LA ÚLTIMA TRANSACCIÓN
campo de control 20260126110035.0
008 - DATOS DE LONGITUD FIJA--INFORMACIÓN GENERAL
campo de control de longitud fija 210303t20212021mau e b 000 0deng
010 ## - NÚMERO DE CONTROL DE LA BIBLIOTECA DEL CONGRESO
Número de control de LC 2021008214
020 ## - NÚMERO INTERNACIONAL ESTÁNDAR DEL LIBRO
Número Internacional Estándar del Libro 9780807074121
035 ## - NÚMERO DE CONTROL DEL SISTEMA
Número de control de sistema on1240162988
040 ## - FUENTE DE LA CATALOGACIÓN
Centro catalogador/agencia de origen DLC
Lengua de catalogación eng
Normas de descripción rda
Centro/agencia transcriptor DLC
Centro/agencia modificador OCLCO
-- OCLCF
-- OTP
-- YDX
-- BDX
-- OI6
-- YDX
-- ILC
-- VP@
-- OCLCA
-- KUA
-- YUS
-- OCLCA
-- GYG
-- BBW
-- TXSCH
-- BBW
041 ## - CÓDIGO DE LENGUA
Código de lengua del texto/banda sonora o título independiente en
042 ## - CÓDIGO DE AUTENTICACIÓN
Código de autenticación pcc
050 00 - SIGNATURA TOPOGRÁFICA DE LA BIBLIOTECA DEL CONGRESO
Número de clasificación HT1521
Número de documento/Ítem .D485 2021
100 ## - ENTRADA PRINCIPAL--NOMBRE DE PERSONA
Nombre de persona DiAngelo, Robin,
Fechas asociadas al nombre 1956-
Término indicativo de función/relación author.
245 10 - MENCIÓN DE TÍTULO
Título Nice racism
Resto del título : how progressive White people perpetuate racial harm
Mención de responsabilidad, etc. / Robin DiAngelo.
264 #1 - PRODUCCIÓN, PUBLICACIÓN, DISTRIBUCIÓN, FABRICACIÓN Y COPYRIGHT
Producción, publicación, distribución, fabricación y copyright Boston, Massachusetts :
Nombre del de productor, editor, distribuidor, fabricante Beacon Press,
Fecha de producción, publicación, distribución, fabricación o copyright [2021]
264 #4 - PRODUCCIÓN, PUBLICACIÓN, DISTRIBUCIÓN, FABRICACIÓN Y COPYRIGHT
Fecha de producción, publicación, distribución, fabricación o copyright ©2021
300 ## - DESCRIPCIÓN FÍSICA
Extensión xxi, 201 pages ;
Dimensiones 24 cm
386 ## - CARACTERÍSTICAS DEL CREADOR/COLABORADOR
Término para el creador/colaborador University and college faculty members
Fuente lcdgt
386 ## - CARACTERÍSTICAS DEL CREADOR/COLABORADOR
Término para el creador/colaborador Washingtonians (Washington State)
Fuente lcdgt
504 ## - NOTA DE BIBLIOGRAFÍA, ETC.
Nota de bibliografía, etc. Includes bibliographical references.
505 ## - NOTA DE CONTENIDO CON FORMATO
Nota de contenido con formato What Is a Nice Racist? —<br/>Why It’s OK to Generalize About White People —<br/>There Is No Choir —<br/>What’s Wrong with Niceness? —<br/>The Moves of White Progressives —<br/>Spiritual, Not Religious —<br/>Let’s Talk About Shame —<br/>What About My Trauma? —<br/>We Aren’t Actually That Nice —<br/>How White People Who Experience Other Oppressions Can Still Be Racist, or “But I’m a Minority Myself!” —<br/>How Do You Make a White Progressive a Better Racist? —<br/>Niceness Is Not Courageous: How to Align Your Professed Values with Your Actual Practice.
520 ## - SUMARIO, ETC.
Sumario, etc. Nice Racism continues Robin DiAngelo’s argument from White Fragility, focusing on how a culture of “niceness” among well-intentioned white people can still sustain racism. DiAngelo argues that racism is systemic rather than a matter of individual good or bad behaviour, and that white progressives often cause everyday harm precisely because they see themselves as enlightened.<br/><br/>Drawing on her experience as a sociologist and anti-racism educator, she identifies common patterns such as rushing to deny being racist, minimising white advantage, romanticising people of colour, treating segregation as accidental, expecting others to educate us, being overly careful, and becoming paralysed by shame. She also critiques practices like the appropriation of Indigenous spiritual traditions, which she says create distance rather than solidarity.<br/><br/>Writing candidly and self-critically, DiAngelo challenges individualism and explains why it is reasonable to talk in general terms about whiteness, even while acknowledging other forms of oppression. The book encourages white readers to move beyond good intentions towards accountability, courage, and sustained commitment. While aimed mainly at white readers, it may also help BIPOC readers understand and navigate white progressive behaviour.
650 #0 - PUNTO DE ACCESO ADICIONAL DE MATERIA--TÉRMINO DE MATERIA
Término de materia o nombre geográfico como elemento de entrada Race relations
9 (RLIN) 13992
650 #0 - PUNTO DE ACCESO ADICIONAL DE MATERIA--TÉRMINO DE MATERIA
Término de materia o nombre geográfico como elemento de entrada Racism
9 (RLIN) 11980
650 #0 - PUNTO DE ACCESO ADICIONAL DE MATERIA--TÉRMINO DE MATERIA
Término de materia o nombre geográfico como elemento de entrada White people
9 (RLIN) 26665
942 ## - ELEMENTOS DE ENTRADA AGREGADA (KOHA)
Fuente del sistema de clasificación o colocación Clasificación de Library of Congress
Holdings
Estado de retiro Estado de pérdida Fuente del sistema de clasificación o colocación Estado dañado No para préstamo Biblioteca de origen Biblioteca actual Fecha de adquisición Total de préstamos Signatura topográfica completa Fecha visto por última vez Número de copia Precio válido a partir de Tipo de ítem Koha Nota pública
    Clasificación de Library of Congress     TBS Barcelona TBS Barcelona 26/01/2026   HT1521 DIA 26/01/2026 1 26/01/2026 Book SOON AVAILABLE

Powered by Koha